000 00537nam a2200181Ia 4500
008 151018s9999 xx 000 0 und d
082 _bRBASDV18940
_a891.463
100 _aश्रीपाद काळे
245 _aवणवा
250 _b1
260 _bगुलमोहर प्रकाशन सातारा
_c1986
300 _a168
600 _aश्रीपाद काळे
630 _aवणवा
700 _aश्रीपाद काळे
730 _aवणवा
942 _cBOOK
999 _c1019583
_d1019580